[Event "Wch Seniors 65 31st"]
[Site "Terassini"]
[Date "2023.11.05"]
[Round "11"]
[White "Jansa, Vlastimil"]
[Black "Meulders, Richard"]
[Result "1-0"]
[WhiteElo "2358"]
[BlackElo "2134"]
[PlyCount "145"]
[EventDate "2023.10.25"]
[EventType "swiss"]
[EventRounds "11"]
[EventCountry "ITA"]
[SourceTitle "Mega2024 Update 01"]
[Source "Chessbase"]
[SourceDate "2023.11.12"]
[SourceVersion "1"]
[SourceVersionDate "2023.11.12"]
[SourceQuality "1"]

1. e4 c5 2. Nf3 Nc6 3. Bb5 Nf6 4. Nc3 g6 5. 0-0 Bg7 6. e5 Ng4 7. Bxc6 dxc6 8. Re1 0-0 9. d3 b6 10. Bf4 Nh6 11. Ne4 Nf5 12. c3 Ba6 13. d4 cxd4 14. cxd4 h5 15. Qd2 Bc4 16. h3 h4 17. g4 hxg3 18. fxg3 Kh7 19. g4 Nh6 20. Nfg5+ Kg8 21. b3 Bd5 22. Nc3 Qd7 23. Rad1 Rad8 24. Qd3 Qe8 25. Qg3 f6 26. exf6 Rxf6 27. Nxd5 Rxd5 28. Ne6 Qf7 29. Ng5 Qe8 30. Be5 Qd7 31. Bxf6 Bxf6 32. Qb8+ Qd8 33. Qxd8+ Rxd8 34. Ne6 Rd6 35. Re4 Nf7 36. Kg2 g5 37. Kf2 Rd7 38. Ke2 Nd6 39. Re3 Kf7 40. Rf1 Ke8 41. h4 Nb5 42. hxg5 Nxd4+ 43. Nxd4 Bxd4 44. Re6 Rd5 45. Rxc6 Rxg5 46. Kf3 Ra5 47. Rc2 Bf6 48. Rh1 Rd5 49. Re1 Kf7 50. Ree2 Rd3+ 51. Re3 Rd5 52. Rc7 a5 53. a4 b5 54. Rb7 bxa4 55. bxa4 Bg5 56. Re4 Rd3+ 57. Ke2 Rd2+ 58. Ke1 Rd8 59. Rb2 Bc1 60. Rf2+ Ke8 61. Rf5 Bd2+ 62. Ke2 Bb4 63. g5 Rd2+ 64. Kf3 Rh2 65. Kg4 Rh8 66. Rc4 Kd7 67. Rb5 Rh1 68. Kf5 Ra1 69. g6 e6+ 70. Kf6 Rf1+ 71. Kg7 Rf3 72. Kh7 Rh3+ 73. Kg8 1-0

[Event "EU-chT Seniors 65"]
[Site "Dresden"]
[Date "2022.11.01"]
[Round "6.2"]
[White "Meulders, Richard"]
[Black "Roos, Louis"]
[Result "1/2-1/2"]
[WhiteElo "2220"]
[BlackElo "2293"]
[PlyCount "109"]
[EventDate "2022.10.27"]
[EventType "team-swiss"]
[EventRounds "9"]
[EventCountry "GER"]
[SourceTitle "EXT 2024"]
[Source "ChessBase"]
[SourceDate "2023.10.10"]
[SourceVersion "1"]
[SourceVersionDate "2023.10.10"]
[SourceQuality "1"]
[WhiteTeam "Belgium 65"]
[BlackTeam "Strasbourg 65"]
[WhiteTeamCountry "BEL"]
[BlackTeamCountry "FRA"]

1. Nf3 Nf6 2. b3 d5 3. Bb2 e6 4. g3 c5 5. Bg2 Nc6 6. d3 Be7 7. Nbd2 a5 8. 0-0 0-0 9. h3 Nd7 10. c4 d4 11. Re1 a4 12. a3 axb3 13. Qxb3 Ra6 14. Qc2 Nb6 15. Rab1 f5 16. Bc1 e5 17. Nh2 Qc7 18. Ndf1 Bd6 19. Nd2 Na4 20. Rb5 Bd7 21. Nb1 Nd8 22. Qb3 Ra7 23. Bd5+ Kh8 24. e3 Bxb5 25. cxb5 Nb6 26. Bc4 Nxc4 27. Qxc4 b6 28. Nd2 Nb7 29. Qe6 Qf7 30. Qxf7 Rxf7 31. Nc4 dxe3 32. Rxe3 Kg8 33. Nf3 e4 34. dxe4 fxe4 35. Ng5 Re7 36. Nxe4 Bc7 37. Nf6+ Kf7 38. Rxe7+ Kxe7 39. Nd5+ Kd7 40. Ndxb6+ Bxb6 41. Nxb6+ Ke6 42. a4 Na5 43. Bd2 Nb3 44. Bc3 Nc1 45. Kg2 Na2 46. Bd2 c4 47. Nxc4 Rxa4 48. b6 Nb4 49. Nb2 Ra2 50. Bxb4 Rxb2 51. Bc5 Kd5 52. Be3 Ke4 53. g4 g6 54. Kg3 Rb5 55. h4 1/2-1/2

[Event "BEL-ch"]
[Site "Bruges"]
[Date "2022.08.16"]
[Round "6"]
[White "Meulders, Richard"]
[Black "Van der Stricht, Geert"]
[Result "0-1"]
[WhiteElo "2222"]
[BlackElo "2365"]
[PlyCount "80"]
[EventDate "2022.08.11"]
[EventType "tourn"]
[EventRounds "9"]
[EventCountry "BEL"]
[EventCategory "4"]
[SourceTitle "CBM 209 Extra"]
[Source "ChessBase"]
[SourceDate "2022.09.30"]
[SourceVersion "1"]
[SourceVersionDate "2022.09.30"]
[SourceQuality "1"]

1. Nf3 d5 2. g3 c6 3. b3 Bg4 4. Bg2 Nd7 5. Bb2 e6 6. 0-0 Ngf6 7. d3 Be7 8. Nbd2 0-0 9. h3 Bxf3 10. exf3 a5 11. a4 Ne8 12. f4 Bf6 13. d4 c5 14. Rb1 Bxd4 15. Bxd4 cxd4 16. Nf3 Nd6 17. Nxd4 Nc5 18. Nb5 Nxb5 19. axb5 Qf6 20. Qe1 Rfd8 21. b6 Ra6 22. b4 axb4 23. Qxb4 Rc8 24. Rfd1 g6 25. Bf1 Ra2 26. Rbc1 Rb2 27. Qa5 Kg7 28. Bd3 Nxd3 29. cxd3 Qd4 30. Qe1 Rxc1 31. Rxc1 Rxb6 32. Qe5+ Qxe5 33. fxe5 Rb3 34. Rc7 Rxd3 35. Rxb7 g5 36. Kg2 Rd4 37. Rb3 Re4 38. Re3 Rxe3 39. fxe3 Kg6 40. g4 f6 0-1

[Event "BEL-ch"]
[Site "Bruges"]
[Date "2022.08.14"]
[Round "4"]
[White "Meulders, Richard"]
[Black "Rogge, Parcival"]
[Result "1/2-1/2"]
[WhiteElo "2222"]
[BlackElo "2231"]
[PlyCount "99"]
[EventDate "2022.08.11"]
[EventType "tourn"]
[EventRounds "9"]
[EventCountry "BEL"]
[EventCategory "4"]
[SourceTitle "CBM 209 Extra"]
[Source "ChessBase"]
[SourceDate "2022.09.30"]
[SourceVersion "1"]
[SourceVersionDate "2022.09.30"]
[SourceQuality "1"]

1. e4 c5 2. Nf3 d6 3. d4 cxd4 4. Qxd4 Nf6 5. Nc3 Nc6 6. Qe3 g6 7. Bc4 Bg7 8. 0-0 0-0 9. Bb3 a6 10. h3 e6 11. Rd1 Qc7 12. Qf4 Ne5 13. g4 b5 14. Nxe5 dxe5 15. Qe3 Bb7 16. a3 Rfd8 17. Rxd8+ Rxd8 18. Qe2 Rd7 19. f3 Bf8 20. Kg2 Bc5 21. Bg5 Be7 22. Be3 Bc5 23. Bg5 Kg7 24. Rd1 h6 25. Rxd7 Qxd7 26. Bc1 Qd4 27. Qe1 Bb6 28. Nd1 Nd7 29. c3 Qd3 30. Qd2 Qxd2+ 31. Bxd2 Bc6 32. h4 Nc5 33. Bc2 f6 34. Be3 Nd7 35. b4 Bxe3 36. Nxe3 Nb6 37. Bb3 Bd7 38. c4 g5 39. hxg5 hxg5 40. Kf2 Kf7 41. Ke2 Ke7 42. Kd2 Bc6 43. Kc3 Nc8 44. c5 Na7 45. Bd1 Kf7 46. Be2 Ke7 47. Nc2 Bd7 48. Kd3 Be8 49. Ke3 Bc6 50. Bd3 1/2-1/2

[Event "BEL-ch"]
[Site "Bruges"]
[Date "2022.08.13"]
[Round "3"]
[White "Dgebuadze, Alexandre"]
[Black "Meulders, Richard"]
[Result "1/2-1/2"]
[WhiteElo "2436"]
[BlackElo "2222"]
[PlyCount "54"]
[EventDate "2022.08.11"]
[EventType "tourn"]
[EventRounds "9"]
[EventCountry "BEL"]
[EventCategory "4"]
[SourceTitle "CBM 209 Extra"]
[Source "ChessBase"]
[SourceDate "2022.09.30"]
[SourceVersion "1"]
[SourceVersionDate "2022.09.30"]
[SourceQuality "1"]

1. e4 c5 2. Nf3 Nc6 3. d4 cxd4 4. Nxd4 e5 5. Nb5 d6 6. c4 Be7 7. N1c3 a6 8. Na3 Be6 9. Nc2 Nf6 10. Bd3 Rc8 11. Nd5 Bxd5 12. cxd5 Nb8 13. 0-0 0-0 14. Ne3 g6 15. b4 Nbd7 16. Bb2 Re8 17. Qb3 Bf8 18. Nc4 b5 19. Na5 Nb6 20. Nc6 Qd7 21. f4 Ng4 22. Be2 Nc4 23. Bxc4 bxc4 24. Qxc4 Qa7+ 25. Nxa7 Rxc4 26. Nc6 Rxe4 27. Rae1 exf4 1/2-1/2

[Event "Wch Seniors 65 29th"]
[Site "Bucharest"]
[Date "2019.11.21"]
[Round "9"]
[White "Meulders, Richard"]
[Black "Bowmer, Kevin"]
[Result "1-0"]
[WhiteElo "2193"]
[BlackElo "2084"]
[PlyCount "67"]
[EventDate "2019.11.12"]
[EventType "swiss"]
[EventRounds "11"]
[EventCountry "ROU"]
[SourceTitle "CBM 193 Extra"]
[Source "ChessBase"]
[SourceDate "2020.01.31"]
[SourceVersion "1"]
[SourceVersionDate "2020.01.31"]
[SourceQuality "1"]

1. d4 Nf6 2. Nf3 g6 3. e3 Bg7 4. Be2 0-0 5. 0-0 d6 6. b3 e5 7. dxe5 Ng4 8. Bb2 Nc6 9. c4 Ngxe5 10. Nc3 Re8 11. Qd2 Bg4 12. Nxe5 Nxe5 13. Bxg4 Nxg4 14. h3 Nf6 15. Rad1 a6 16. Qc2 b5 17. Nd5 bxc4 18. Bxf6 Bxf6 19. Qxc4 Rc8 20. Qxa6 Be5 21. Qc6 f5 22. Rc1 Rf8 23. f4 Bg7 24. Rfd1 Rf7 25. a4 Bb2 26. Rc2 Ba3 27. b4 Qe8 28. Qxe8+ Rxe8 29. Ra2 c6 30. Rxa3 cxd5 31. Rxd5 Re4 32. b5 Rb4 33. a5 Rc7 34. a6 1-0

[Event "Wch Seniors 65 29th"]
[Site "Bucharest"]
[Date "2019.11.18"]
[Round "6"]
[White "Bray, David"]
[Black "Meulders, Richard"]
[Result "1/2-1/2"]
[WhiteElo "2031"]
[BlackElo "2193"]
[PlyCount "46"]
[EventDate "2019.11.12"]
[EventType "swiss"]
[EventRounds "11"]
[EventCountry "ROU"]
[SourceTitle "CBM 193 Extra"]
[Source "ChessBase"]
[SourceDate "2020.01.31"]
[SourceVersion "1"]
[SourceVersionDate "2020.01.31"]
[SourceQuality "1"]

1. e4 g6 2. d4 Bg7 3. c4 d6 4. Nc3 e5 5. Nf3 Nc6 6. dxe5 Nxe5 7. Nxe5 dxe5 8. Qxd8+ Kxd8 9. Bg5+ f6 10. 0-0-0+ Bd7 11. Be3 Ne7 12. Be2 Kc8 13. Rd2 Be6 14. Rhd1 Nc6 15. Kb1 b6 16. c5 Kb7 17. Bb5 Rhf8 18. Nd5 Rf7 19. Rc1 bxc5 20. Rxc5 Nd8 21. Nb4 a5 22. Nc6 Rf8 23. Rdc2 Rf7 1/2-1/2

[Event "Wch Seniors 65 29th"]
[Site "Bucharest"]
[Date "2019.11.12"]
[Round "1"]
[White "Meulders, Richard"]
[Black "Ramos Caldera, Cesar"]
[Result "1-0"]
[WhiteElo "2193"]
[BlackElo "1891"]
[PlyCount "67"]
[EventDate "2019.11.12"]
[EventType "swiss"]
[EventRounds "11"]
[EventCountry "ROU"]
[SourceTitle "CBM 193 Extra"]
[Source "ChessBase"]
[SourceDate "2020.01.31"]
[SourceVersion "1"]
[SourceVersionDate "2020.01.31"]
[SourceQuality "1"]

1. Nf3 Nc6 2. d4 d5 3. g3 Nf6 4. Bg2 e6 5. 0-0 Bd6 6. c4 0-0 7. Bg5 Be7 8. Nbd2 h6 9. Bxf6 Bxf6 10. e3 Na5 11. Qc2 Nxc4 12. Nxc4 dxc4 13. Qxc4 c6 14. e4 Qb6 15. Rab1 Bd7 16. Rfe1 Rad8 17. b4 a6 18. a4 Qa7 19. Qc3 Rc8 20. e5 Be7 21. Nd2 Rfd8 22. Ne4 Be8 23. Red1 b6 24. Qe3 c5 25. dxc5 Rxd1+ 26. Rxd1 bxc5 27. Rc1 Bxa4 28. bxc5 Bd7 29. c6 Qxe3 30. fxe3 Bxc6 31. Nd6 Bxd6 32. exd6 Bb7 33. Rxc8+ Bxc8 34. Bc6 1-0

[Event "BEL-chT 0102"]
[Site "Belgium"]
[Date "2002.10.14"]
[Round "9"]
[White "Meulders, Richard"]
[Black "Eliet, Nicolas"]
[Result "0-1"]
[WhiteElo "2260"]
[BlackElo "2401"]
[PlyCount "90"]
[EventDate "2001.10.14"]
[EventType "team"]
[EventRounds "11"]
[EventCountry "BEL"]
[SourceTitle "EXT 2003"]
[Source "ChessBase"]
[SourceDate "2002.11.25"]
[SourceVersion "1"]
[SourceVersionDate "2002.11.25"]
[SourceQuality "1"]

1. Nf3 d5 2. b3 Bg4 3. Bb2 Bxf3 4. gxf3 e6 5. e3 Nf6 6. Qe2 c6 7. Rg1 Nbd7 8. f4 a5 9. a4 g6 10. d3 Bg7 11. Nd2 b5 12. Nf3 0-0 13. Ne5 Nxe5 14. Bxe5 Nd7 15. Bxg7 Kxg7 16. Bh3 Qf6 17. d4 Rfb8 18. axb5 cxb5 19. Kd2 a4 20. f5 exf5 21. Qf3 Qd6 22. Bxf5 Nf6 23. bxa4 bxa4 24. Qg3 Qb4+ 25. Ke2 a3 26. Qc7 Rb7 27. Qc6 a2 28. h4 Raa7 29. h5 Rb6 30. Qc5 Qxc5 31. dxc5 Rc6 32. hxg6 fxg6 33. Bd3 Rxc5 34. f4 Ne4 35. f5 g5 36. Kf3 Kf6 37. Bxe4 dxe4+ 38. Kxe4 Rxc2 39. Kd3 Rh2 40. e4 Ra3+ 41. Kc4 Ra4+ 42. Kd3 Rh3+ 43. Kc2 Rxe4 44. Rxa2 Rh2+ 45. Kb1 Rxa2 0-1

[Event "BEL-chT 0001"]
[Site "Belgium"]
[Date "2001.03.04"]
[Round "13"]
[White "Meulders, Richard"]
[Black "Van Schaardenburg, Mark"]
[Result "1-0"]
[WhiteElo "2260"]
[BlackElo "2258"]
[PlyCount "65"]
[EventDate "2000.11.18"]
[EventType "team"]
[EventRounds "13"]
[EventCountry "BEL"]
[SourceTitle "CBM 081"]
[Source "ChessBase"]
[SourceDate "2001.03.20"]
[SourceVersion "1"]
[SourceVersionDate "2001.03.20"]
[SourceQuality "1"]

1. d4 Nf6 2. c4 e5 3. dxe5 Ng4 4. Nf3 Bc5 5. e3 Nc6 6. Be2 0-0 7. a3 a5 8. Nc3 Re8 9. 0-0 Ncxe5 10. Rb1 Nxf3+ 11. Bxf3 Ne5 12. Be2 Bf8 13. e4 Ra6 14. b4 axb4 15. axb4 c5 16. b5 Ra8 17. f4 Ng6 18. g3 d6 19. Bf3 f5 20. Bb2 Ne7 21. Re1 Be6 22. exf5 Bxf5 23. Bxb7 Bxb1 24. Bxa8 Bg6 25. Be4 Bf7 26. Qd3 h6 27. Ra1 Nc8 28. Bc6 Re7 29. Bd5 Qe8 30. Bxf7+ Qxf7 31. Nd5 Ra7 32. Rxa7 Qxa7 33. Qg6 1-0

[Event "BEL-chT 0001"]
[Site "Belgium"]
[Date "2000.12.17"]
[Round "5"]
[White "Meulders, Richard"]
[Black "Van Uytven, Eric"]
[Result "1-0"]
[WhiteElo "2260"]
[BlackElo "2148"]
[PlyCount "105"]
[EventDate "2000.11.18"]
[EventType "team"]
[EventRounds "13"]
[EventCountry "BEL"]
[SourceTitle "CBM 081 Extra"]
[Source "ChessBase"]
[SourceDate "2001.05.06"]
[SourceVersion "1"]
[SourceVersionDate "2001.05.06"]
[SourceQuality "1"]

1. Nf3 e6 2. b3 f5 3. Bb2 Nf6 4. g3 b6 5. Bg2 Bb7 6. 0-0 Be7 7. c4 0-0 8. d3 a5 9. Nc3 Na6 10. a3 Qe8 11. d4 Qh5 12. h3 d6 13. e3 Qe8 14. d5 e5 15. Ng5 Nd7 16. Ne6 Rf7 17. Nb5 Bd8 18. f4 e4 19. g4 Ndc5 20. gxf5 Rxf5 21. Nxg7 Qg6 22. Nxf5 Qxf5 23. Nd4 Qf7 24. f5 Bf6 25. Rf4 Kh8 26. Rb1 Nd3 27. Rxe4 Nac5 28. Rg4 Ne5 29. Ne6 Nxg4 30. hxg4 Rg8 31. b4 axb4 32. axb4 Nd7 33. Bd4 Ne5 34. Bxe5 Bxe5 35. Qf3 Bc8 36. Rf1 Bxe6 37. dxe6 Qf6 38. Kf2 Qh4+ 39. Ke2 Qf6 40. Rh1 h6 41. Qh3 Kg7 42. Bc6 d5 43. Bxd5 Bd6 44. Qh5 Rf8 45. b5 Qg5 46. Qxg5+ hxg5 47. Kf3 Be7 48. e4 Bf6 49. Rh5 Rh8 50. e5 Bxe5 51. Rxg5+ Kf6 52. Rg6+ Ke7 53. g5 1-0

[Event "BEL-chT 0001"]
[Site "Belgium"]
[Date "2000.12.03"]
[Round "4"]
[White "Meulders, Richard"]
[Black "Goossens, Etienne"]
[Result "1-0"]
[WhiteElo "2260"]
[BlackElo "2192"]
[PlyCount "83"]
[EventDate "2000.11.18"]
[EventType "team"]
[EventRounds "13"]
[EventCountry "BEL"]
[SourceTitle "CBM 081 Extra"]
[Source "ChessBase"]
[SourceDate "2001.05.06"]
[SourceVersion "1"]
[SourceVersionDate "2001.05.06"]
[SourceQuality "1"]

1. d4 Nf6 2. c4 g6 3. g3 Bg7 4. Bg2 0-0 5. Nf3 d6 6. 0-0 Nbd7 7. Qc2 e5 8. Rd1 exd4 9. Nxd4 Re8 10. Nc3 a6 11. b3 Rb8 12. Ba3 c5 13. Nf3 b5 14. cxb5 axb5 15. Bb2 Qe7 16. e3 Bb7 17. a4 b4 18. Nb5 Be4 19. Qc1 d5 20. Ne1 Bxg2 21. Nxg2 g5 22. Nc7 Rec8 23. Nxd5 Qe6 24. e4 Ne5 25. Bxe5 Qxe5 26. Nxf6+ Bxf6 27. Qc4 Qc3 28. Rac1 Qxc4 29. Rxc4 Rd8 30. Rd5 Rxd5 31. exd5 Bd4 32. Ne3 Kg7 33. Nf5+ Kg6 34. Nxd4 cxd4 35. f4 gxf4 36. gxf4 d3 37. Rd4 Kf5 38. d6 d2 39. d7 Rd8 40. Kf2 d1Q 41. Rxd1 Kxf4 42. a5 1-0

[Event "EU-Cup 15th Gr3"]
[Site "Albufeira Algarve"]
[Date "1999.10.01"]
[Round "1"]
[White "Renet, Olivier"]
[Black "Meulders, Richard"]
[Result "1-0"]
[WhiteElo "2509"]
[BlackElo "2275"]
[PlyCount "99"]
[EventDate "1999.10.01"]
[EventType "team-k.o."]
[EventRounds "3"]
[EventCountry "POR"]
[SourceTitle "EXT 2020"]
[Source "ChessBase"]
[SourceDate "2019.10.17"]
[SourceVersion "1"]
[SourceVersionDate "2019.10.17"]
[SourceQuality "1"]
[WhiteTeam "Clichy Echecs 92"]
[BlackTeam "Gent KGS Ruy Lopez"]
[WhiteTeamCountry "FRA"]
[BlackTeamCountry "BEL"]

1. e4 c5 2. Nf3 e6 3. d4 cxd4 4. Nxd4 a6 5. Bd3 Bc5 6. Nb3 Ba7 7. 0-0 Ne7 8. Bg5 Nbc6 9. Kh1 0-0 10. f4 f6 11. Bh4 Ng6 12. Bg3 Bb8 13. c4 e5 14. f5 Nf4 15. Nc3 Ne7 16. Rf3 b6 17. Bf1 Bb7 18. Bf2 g6 19. g3 Nh5 20. Rd3 Bc6 21. Bg2 Bc7 22. Qe2 Rb8 23. Rad1 Qe8 24. Bf3 Kh8 25. Na1 Rg8 26. Nc2 b5 27. cxb5 axb5 28. Nb4 Ba5 29. Nxc6 dxc6 30. Bc5 b4 31. Na4 Nc8 32. fxg6 hxg6 33. Bxh5 gxh5 34. Rf1 Bd8 35. Rf5 Be7 36. Rxh5+ Kg7 37. Bxe7 Nxe7 38. Nc5 Rh8 39. Rxh8 Kxh8 40. Nd7 Ra8 41. Nxf6 Qg6 42. Ng4 Qh5 43. Qf3 Ng8 44. Qf5 Qxf5 45. exf5 Rxa2 46. Rd7 Rxb2 47. f6 b3 48. Rd8 Rb1+ 49. Kg2 b2 50. f7 1-0

[Event "BEL-chT 9900"]
[Site "Antwerp"]
[Date "1999.10.??"]
[Round "3"]
[White "Meulders, Richard"]
[Black "Ahn, Martin"]
[Result "1/2-1/2"]
[WhiteElo "2275"]
[BlackElo "2331"]
[PlyCount "127"]
[EventDate "1999.10.08"]
[EventType "team"]
[EventRounds "11"]
[EventCountry "BEL"]
[SourceTitle "CBM 073 Extra"]
[Source "ChessBase"]
[SourceDate "2000.01.11"]
[SourceVersion "1"]
[SourceVersionDate "2000.01.11"]
[SourceQuality "1"]

1. d4 Nf6 2. c4 g6 3. Nc3 Bg7 4. e4 d6 5. f3 0-0 6. Bg5 c5 7. d5 h6 8. Be3 e6 9. Qd2 exd5 10. cxd5 h5 11. Nge2 Nbd7 12. a4 Ne5 13. Nc1 Nh7 14. Be2 f5 15. 0-0 fxe4 16. Nxe4 Bf5 17. Ng3 Bd7 18. Ra3 Qe7 19. Na2 Rae8 20. Bh6 Bxh6 21. Qxh6 Qg7 22. Qxg7+ Kxg7 23. Ne4 Nf7 24. Bb5 Re7 25. Bxd7 Rxd7 26. Rb1 Re8 27. b4 b6 28. a5 cxb4 29. Rxb4 bxa5 30. Rxa5 Nf6 31. Nac3 Nxe4 32. Nxe4 Re5 33. h4 g5 34. hxg5 Nxg5 35. Ng3 Nh7 36. f4 Re1+ 37. Kf2 Rd1 38. Nxh5+ Kg6 39. g4 Rc7 40. Re4 Rd2+ 41. Re2 Rd3 42. Ra6 Rxd5 43. Re6+ Kf7 44. Rexd6 Rdc5 45. Rd2 Rb5 46. Rh6 Kf8 47. g5 Nxg5 48. Rh8+ Kf7 49. fxg5 Rf5+ 50. Kg3 Rxg5+ 51. Kh4 Rgc5 52. Nf4 Rc4 53. Kg5 R7c5+ 54. Kg4 Kg7 55. Ra8 Rc7 56. Rdd8 Rf7 57. Rg8+ Kh7 58. Rh8+ Kg7 59. Rag8+ Kf6 60. Re8 Kg7 61. Kg5 Rc5+ 62. Kg4 Rc4 63. Rhg8+ Kh7 64. Rh8+ 1/2-1/2

[Event "KGSRL Masters 2nd"]
[Site "Ghent"]
[Date "1999.09.09"]
[Round "6"]
[White "Schebler, Gerhard"]
[Black "Meulders, Richard"]
[Result "1-0"]
[WhiteElo "2443"]
[BlackElo "2275"]
[PlyCount "87"]
[EventDate "1999.09.04"]
[EventType "swiss"]
[EventRounds "9"]
[EventCountry "BEL"]
[SourceTitle "EXT 2000"]
[Source "ChessBase"]
[SourceDate "1999.11.16"]
[SourceVersion "1"]
[SourceVersionDate "1999.11.16"]
[SourceQuality "1"]

1. d4 c5 2. d5 e5 3. Nc3 d6 4. Nf3 Be7 5. g3 Nf6 6. Bg2 0-0 7. e4 Ne8 8. Nd2 g6 9. 0-0 a6 10. a4 Nd7 11. Nc4 Nb6 12. Na3 f5 13. a5 Nd7 14. exf5 gxf5 15. Nc4 Ndf6 16. Na4 Ng7 17. Nab6 Rb8 18. Bh3 Bd7 19. Nxd7 Nxd7 20. Bh6 Qe8 21. Ra3 Qg6 22. Qd2 Nf6 23. Bxg7 Kxg7 24. f4 Ne4 25. Qe1 exf4 26. Rxf4 Bg5 27. Bxf5 Rxf5 28. Rxe4 Rbf8 29. Re2 Qf7 30. Ra1 Qxd5 31. Nd2 Qd4+ 32. Kg2 Qxb2 33. Ne4 Rf1 34. Qxf1 Rxf1 35. Rxf1 Qe5 36. g4 Bd8 37. Rf5 Qd4 38. Ng3 Qxg4 39. Re8 Bf6 40. Re4 Qd1 41. Kh3 h6 42. Nh5+ Kg6 43. Rxf6+ Kxh5 44. Ref4 1-0

[Event "BEL-chT 9798"]
[Site "Antwerp"]
[Date "1998.??.??"]
[Round "7"]
[White "Meulders, Richard"]
[Black "Plomp, Erwin C"]
[Result "1-0"]
[WhiteElo "2285"]
[BlackElo "2190"]
[PlyCount "123"]
[EventDate "1997.??.??"]
[EventType "team"]
[EventRounds "11"]
[EventCountry "BEL"]
[SourceTitle "EXT 1999"]
[Source "ChessBase"]
[SourceDate "1998.11.16"]
[SourceVersion "1"]
[SourceVersionDate "1998.11.16"]
[SourceQuality "1"]

1. d4 g6 2. c4 Bg7 3. Nc3 d6 4. e4 c6 5. Be3 a6 6. a4 a5 7. h3 Nd7 8. Nf3 e5 9. d5 Nc5 10. Be2 Nh6 11. g4 f6 12. Nd2 Nf7 13. Nb3 Nxb3 14. Qxb3 c5 15. 0-0-0 g5 16. Rdg1 h6 17. Bd2 Bd7 18. Nd1 b6 19. Ne3 Qc7 20. Nf1 Ke7 21. Ng3 Rhg8 22. Nf5+ Bxf5 23. gxf5 Raf8 24. Bh5 Nh8 25. Rg3 Nf7 26. Rhg1 Rh8 27. Qd1 Qd7 28. Kb1 Kd8 29. Ka2 Kc7 30. Ka3 Rhg8 31. Bg6 Bh8 32. Rb3 Bg7 33. Rgg3 Ra8 34. Rb5 Nh8 35. Rgb3 Rgb8 36. Bh5 Ra6 37. Qe1 Kc8 38. Ka2 Qc7 39. Be8 Raa8 40. Bc6 Ra6 41. Kb1 Nf7 42. Be8 Qe7 43. Bxf7 Qxf7 44. Bxa5 Qa7 45. Bc3 Rxa4 46. Qe2 Ra1+ 47. Kc2 Qa2 48. Bd2 Qb1+ 49. Kc3 Qd1 50. Qxd1 Rxd1 51. Rxb6 Rxb6 52. Rxb6 Bf8 53. b4 cxb4+ 54. Rxb4 Rh1 55. Ra4 Rxh3+ 56. Be3 Be7 57. Ra7 Bd8 58. Kb4 Rh1 59. Kb5 Kb8 60. Kc6 Rh4 61. Rb7+ Kc8 62. Ba7 1-0

[Event "BEL-chT 9697"]
[Site "Belgium"]
[Date "1997.??.??"]
[Round "7"]
[White "Barbier, Wim"]
[Black "Meulders, Richard"]
[Result "1/2-1/2"]
[WhiteElo "2185"]
[BlackElo "2265"]
[PlyCount "40"]
[EventDate "1996.??.??"]
[EventType "team"]
[EventRounds "11"]
[EventCountry "BEL"]
[SourceTitle "EXT 1998"]
[Source "ChessBase"]
[SourceDate "1997.11.17"]
[SourceVersion "1"]
[SourceVersionDate "1997.11.17"]
[SourceQuality "1"]

1. c4 Nf6 2. Nc3 e5 3. Nf3 d6 4. g3 c6 5. Bg2 Be7 6. d3 Bg4 7. Bd2 Nbd7 8. h3 Bxf3 9. Bxf3 0-0 10. 0-0 Nc5 11. Bg2 a5 12. Kh2 d5 13. cxd5 cxd5 14. Bg5 d4 15. Na4 Rc8 16. Bxf6 Bxf6 17. Nxc5 Rxc5 18. Bxb7 Qb6 19. Bf3 Qxb2 20. a4 Rb8 1/2-1/2